00456nam a2200181Ia 450000500170000000800410001702000180005804100080007608200150008410000150009924500240011425000120013826000320015030000090018250000290019165000390022070000150025920251122105544.0230125s9999 xx 000 0 und d a9788175544703 aeng a158.1bWIL aWilliams L aUltimate Job Search a2nd Ed. c2009bKogan PageaNew Delhi a230p aPersonality Development  aPersonality Development;Job Search aWilliams L